| 000 | 00882 a2200205 4500 | ||
|---|---|---|---|
| 003 | Nust | ||
| 005 | 20230308125426.0 | ||
| 010 | _a 75522281 | ||
| 020 | _a0582480019 | ||
| 040 | _cNust | ||
| 082 | 0 | 0 | _a338,ALL |
| 100 | 1 |
_aAllen, G. C. _9110010 |
|
| 245 | 1 | 0 |
_aBritish industries and their organization / _c[by] G. C. Allen. |
| 250 | _a5th ed. | ||
| 260 |
_aHarlow, _bLongmans, _c1970. |
||
| 300 |
_axii, 326 p. _c25 cm. |
||
| 505 | _aBritish Industry Before 1914 (Page-1), The Staple Trader (Page-20), Coal (Page-29), Iron And Steel (Page-77), Engineering (Page-134), Shipbuilding And Marine Engineering (Page-145), The Motor Trade (Page-168), Textiles-Cotton (Page-205), Textiles-Woolen And Worsted (Page-251), British Industry Since The War (Page-271), Changes In The Structure Of Industry (Page-287). | ||
| 650 | 0 |
_aIndustries _zGreat Britain. _9110011 |
|
| 942 |
_2ddc _cBK |
||
| 999 |
_c184552 _d184552 |
||